La arquitectura Feoclasica Panameña (Record no. 495)

MARC details
000 -LEADER
campo de control de longitud fija 00441nam a22001457a 4500
008 - DATOS DE LONGITUD FIJA--INFORMACIÓN GENERAL
campo de control de longitud fija 150327b xxu||||| |||| 00| 0 eng d
020 ## - NÚMERO INTERNACIONAL ESTÁNDAR DEL LIBRO
Número Internacional Estándar del Libro 9789962057055
082 ## - NÚMERO DE LA CLASIFICACIÓN DECIMAL DEWEY
Número de clasificación 720.728.7
Número de ítem M 765a
100 ## - ENTRADA PRINCIPAL--NOMBRE DE PERSONA
Nombre de persona Montañez, Darien
9 (RLIN) 2331
245 ## - MENCIÓN DEL TÍTULO
Título La arquitectura Feoclasica Panameña
Mención de responsabilidad, etc. Montañez, Darien
260 ## - PUBLICACIÓN, DISTRIBUCIÓN, ETC.
Lugar de publicación, distribución, etc. Panama
Fecha de publicación, distribución, etc. 2011
300 ## - DESCRIPCIÓN FÍSICA
Extensión 43 p.
Otras características físicas ill. (col)
Dimensiones 15 cm.
650 ## - PUNTO DE ACCESO ADICIONAL DE MATERIA--TÉRMINO DE MATERIA
Subdivisión general Arquitectura clasica
Subdivisión geográfica Panama
9 (RLIN) 2332
700 ## - ENTRADA AGREGADA--NOMBRE PERSONAL
Nombre de persona Darien Montañez
9 (RLIN) 2333
Holdings
Estatus retirado Estado de pérdida Fuente del sistema de clasificación o colocación Estado de daño No para préstamo Biblioteca de origen Biblioteca actual Ubicación en estantería Fecha de adquisición Total de préstamos Signatura topográfica completa Código de barras Visto por última vez Precio de reemplazo Tipo de ítem Koha
    Clasificación Decimal Dewey     Biblioteca LadoV Biblioteca LadoV   27/03/2015   720.728.7 M 765a 004009 27/03/2015 27/03/2015 Material 01